| 000 | 01341nam a2200385 i 4500 | ||
|---|---|---|---|
| 001 | 1536 | ||
| 003 | KOSZ 005 | ||
| 005 | 20221025105735.0 | ||
| 008 | 000320s1980 pl a f f |000 0 pol d | ||
| 015 | _aPB 1980/8132 | ||
| 040 |
_aWA N _cWA N _dKOSZ 005/HR |
||
| 041 | 0 | _apol | |
| 080 | _a628.8 | ||
| 080 | _a(075.8+076) | ||
| 100 | 1 |
_aKrygier, Krystyna _eAutor |
|
| 245 | 1 | 0 |
_aSieci cieplne : _bobliczenia i przykłady / _cKrystyna Krygier, Zbigniew Piotrowski. |
| 250 | _aWyd. 2 popr. | ||
| 260 |
_aWarszawa : _bWydawnictwa Politechniki Warszawskiej, _c1980. |
||
| 300 |
_a100, [1] s., [2] k. tabl. : _bil., tab., wykr. ; _c24 cm. |
||
| 336 |
_2rdacontent _aTekst _btxt |
||
| 337 |
_2rdamedia _aBez urządzenia pośredniczącego _bn |
||
| 338 |
_2rdacarrier _aWolumin _bnc |
||
| 380 | _aKsiążki | ||
| 380 | _aPublikacje dydaktyczne. | ||
| 385 |
_mPoziom nauczania, _aSzkoły wyższe. |
||
| 388 | _a1901-2000 | ||
| 388 | _a1945-1989 | ||
| 504 | _aBibliogr. s. [101], wykaz norm s. 99-100. | ||
| 658 | _aInżynieria i technika | ||
| 655 | 4 | _aĆwiczenia i zadania dla szkół wyższych | |
| 650 | 4 | _aSieć cieplna | |
| 700 | 1 |
_aPiotrowski, Zbigniew _d(1920-2003). _eAutor |
|
| 856 |
_uhttp://koha.tu.koszalin.pl/cgi-bin/koha/opac-detail.pl?biblionumber=1536 _yKatalog online BPK |
||
| 942 |
_2UKD _cKS |
||
| 999 |
_c1536 _d1536 |
||